Sports Physiotheraphy (Record no. 152965)

MARC details
000 -LEADER
fixed length control field 00647nam a22002417a 4500
003 - CONTROL NUMBER IDENTIFIER
control field dpl
005 - DATE AND TIME OF LATEST TRANSACTION
control field 20180622130236.0
008 - FIXED-LENGTH DATA ELEMENTS--GENERAL INFORMATION
fixed length control field 180622b xxu||||| |||| 00| 0 eng d
010 ## - LIBRARY OF CONGRESS CONTROL NUMBER
LC control number B-094548
016 ## - NATIONAL BIBLIOGRAPHIC AGENCY CONTROL NUMBER
Record control number B-094548
020 ## - INTERNATIONAL STANDARD BOOK NUMBER
International Standard Book Number 8175241489
Terms of availability 500.00
035 ## - SYSTEM CONTROL NUMBER
System control number B-094548
037 ## - SOURCE OF ACQUISITION
Source of stock number/acquisition BPPD/PUB
040 ## - CATALOGING SOURCE
Transcribing agency 0
082 ## - DEWEY DECIMAL CLASSIFICATION NUMBER
Classification number 796
100 ## - MAIN ENTRY--PERSONAL NAME
Personal name Shekar K. Chandra
245 ## - TITLE STATEMENT
Title Sports Physiotheraphy
Statement of responsibility, etc n
260 ## - PUBLICATION, DISTRIBUTION, ETC. (IMPRINT)
Place of publication, distribution, etc New Delhi
Name of publisher, distributor, etc Khel Sahitya Kendra
Date of publication, distribution, etc 2005
270 ## - ADDRESS
Address Chawla Offset Printers
City New Delhi
Postal code 110052
300 ## - PHYSICAL DESCRIPTION
Extent 304p.
Dimensions 22 cm (Hb)
650 ## - SUBJECT ADDED ENTRY--TOPICAL TERM
Topical term or geographic name as entry element Sports
942 ## - ADDED ENTRY ELEMENTS (KOHA)
Institution code [OBSOLETE] dpl
Koha item type English Books
Call number prefix 796 / CHA
Source of classification or shelving scheme Dewey Decimal Classification
Classification part 796
Call number suffix CHA
Holdings
Withdrawn status Lost status Source of classification or shelving scheme Damaged status Not for loan Collection code Home library Current library Date acquired Source of acquisition Cost, normal purchase price Total Checkouts Total Renewals Full call number Barcode Date last seen Date checked out Cost, replacement price Price effective from Koha item type Public note
    Dewey Decimal Classification     Non-fiction Sarojini Nagar Sarojini Nagar 10/05/2019     4 1 796 CHA B-094547 04/07/2022 07/06/2022   10/05/2019 English Books Withdran List Prepared L.No.16/07
    Dewey Decimal Classification     Non-fiction Shahdara Branch Shahdara Branch 22/06/2018 BPPD/PUB 500.00 3 1 796 CHA B-094548 05/10/2020 26/09/2020 500.00 22/06/2018 English Books  

© Delhi Public Library
Hit Counter
free hit counter